Gas turbine theory

Αποθηκεύτηκε σε:
Λεπτομέρειες βιβλιογραφικής εγγραφής
Κύριος συγγραφέας: Cohen, Henry 1921 Sept. 29-
Άλλοι συγγραφείς: Rogers, G. F. C. (Gordon Frederick Crichton), Saravanamuttoo, H. I. H.
Μορφή: Βιβλίο
Γλώσσα:English
Δημοσίευση: Essex : Longman, c1996
Έκδοση:4th ed.
Θέματα:
Ετικέτες: Προσθήκη ετικέτας
Δεν υπάρχουν, Καταχωρήστε ετικέτα πρώτοι!

MARC

LEADER 00000nam a2200000 i 4500
001 1/17669
008 981006s1996 eng d
020 |a 0-582-23632-0 
035 |l 10020642 
040 |a GR-MY-UA  |b gre  |e aacr 
041 0 |a eng 
082 0 |a 621.433 
100 1 |a Cohen, Henry  |d 1921 Sept. 29- 
245 1 0 |a Gas turbine theory /  |c H. Cohen, G. F. C. Rogers, H. I. H. Saravanamuttoo 
250 |a 4th ed. 
260 |a Essex :   |b Longman,   |c c1996 
300 |a xiii. 442 σ.;  |b εικ.;  |c 24 εκ. 
504 |a Περιέχει βιβλιογραφικές παραπομπές (σ. 428-433) και ευρετήριο 
650 0 0 |a Gas-turbines. 
700 1 |a Rogers, G. F. C.  |q (Gordon Frederick Crichton) 
700 1 |a Saravanamuttoo, H. I. H. 
852 |a INST  |b LESVOS  |e 19981006  |h 621.433 COH  |p 005100012879  |q 005100012879  |t BK  |y 0 
901 |a BIBL-1998-3 
909 |a Λ  |b 059188 
922 |a 1ΕΛΗ  |b 199809  |c ΚΠΣ/ΤΠ  |d ΠΑΠΑΣΩΤΗΡΙΟΥ 
950 |a 107-1998-07-18